Bat'kivščina

Bibliographic Details
Main Author: Davtjan, Vaagn (Author)
Format: Article
Language:Ukrainian

MARC

LEADER 00000nab a2200000ua 4500
001 vtls010809830
003 SK-MaSNL
005 20260303131900.0
008 230218s1972 xo |||||||||||||||||ukr|
035 |a (urnnbn)urn:nbn:sk:snk:ar-00433j 
035 |a (uuid)02144ac7-a519-4989-adbb-2f5c075425b1 
035 |a urn:nbn:sk:snk-ab42gy 
040 |a SNKBUCL  |b slo  |c SNKBUCL  |e AACR2 
041 0 |a ukr 
044 |a xo  |c SK 
100 1 |a Davtjan, Vaagn  |4 aut  |9 1149098 
245 1 0 |a Bat'kivščina  |c Vaagn Davtjan 
773 0 |t Duklja : literaturno-chudožnij ta hromads'ko-polityčnyj al'manach  |g Roč. 20, č. 5 (1972), s. 51 
958 |a OND 
958 |a EUIPO 
958 |a article3 
999 |c 1947613  |d 1949543